Memoria acerca de El mágico prodigioso de Calderón y en especial sobre las relaciones de este drama con el Fausto de Goethe ... / (Record no. 164595)

MARC details
000 -LEADER
campo de control de longitud fija 01391nam a22002535i 4500
001 - NÚMERO DE CONTROL
campo de control 164595
003 - IDENTIFICADOR DE NÚMERO DE CONTROL
campo de control ES-MaACL
005 - FECHA Y HORA DE LA ÚLTIMA TRANSACCIÓN
campo de control 20250806024742.0
008 - DATOS DE LONGITUD FIJA--INFORMACIÓN GENERAL
campo de control de longitud fija 950206s1881 sp |||| | spa d
040 ## - FUENTE DE CATALOGACIÓN
Centro catalogador/agencia de origen CLM
Lengua de catalogación spa
Centro/agencia transcriptor CCPB | PA2
100 1# - ENTRADA PRINCIPAL--NOMBRE DE PERSONA
Nombre de persona Sánchez Moguel, Antonio,
Fechas asociadas al nombre 1838-1913
9 (RLIN) 102783
245 10 - MENCIÓN DEL TÍTULO
Título Memoria acerca de El mágico prodigioso de Calderón y en especial sobre las relaciones de este drama con el Fausto de Goethe ... /
Mención de responsabilidad, etc. su autor A. Sanchez Moguel... ; precédela el discurso leído por Víctor Balaguer, en la sesión pública celebrada para solemnizar el segundo centenario del gran dramático español.
260 ## - PUBLICACIÓN, DISTRIBUCIÓN, ETC.
Lugar de publicación, distribución, etc. Madrid :
Nombre del editor, distribuidor, etc. [s.n.],
Fecha de publicación, distribución, etc. 1881 (
Fabricante Tip. de la Correspondencia Ilustrada, a cargo de Eduardo Lluch)
300 ## - DESCRIPCIÓN FÍSICA
Extensión 212 p. ;
Dimensiones 17 cm.
500 #0 - NOTA GENERAL
Nota general Sesión pública celebrada en la Real Academia de la Historia para commemorar el segundo centenario de P. Calderón de la Barca el 24 de mayo de 1881.
530 ## - NOTA DISPONIBLE DE FORMULARIO FÍSICO ADICIONAL
Nota de formato físico adicional disponible Disponible en formato digital.
597 ## - NOTA DE DESCRIPCIÓN FÍSICA
NOTA DE DESCRIPCIÓN FÍSICA Port. a dos tintas.
600 14 - PUNTO DE ACCESO ADICIONAL DE MATERIA--NOMBRE DE PERSONA
Nombre de persona Calderón de la Barca, Pedro-
Subdivisión de forma Aniversarios y centenarios
9 (RLIN) 33612
600 14 - PUNTO DE ACCESO ADICIONAL DE MATERIA--NOMBRE DE PERSONA
Nombre de persona Goethe, Johann Wolfgang von,
Fechas asociadas al nombre 1749-1832
9 (RLIN) 57568
700 1# - ENTRADA AGREGADA--NOMBRE PERSONAL
Nombre de persona Balaguer, Víctor,
Fechas asociadas al nombre 1824-1901
9 (RLIN) 24806
852 ## - LOCALIZACIÓN
Ubicación ES-MaACL
Número de control de estantería F-9747
Nota libre -- Enc. hol.
856 ## - LOCALIZACIÓN Y ACCESO ELECTRÓNICOS
Identificador Uniforme de Recursos <a href="http://bdh-rd.bne.es/viewer.vm?id=0000147772&page=1 ">http://bdh-rd.bne.es/viewer.vm?id=0000147772&page=1 </a>
Nota pública Biblioteca Digital Hispánica
Holdings
Estatus retirado Estado de pérdida Estado de daño No para préstamo Colección Biblioteca de origen Biblioteca actual Ubicación en estantería Fecha de adquisición Fuente de adquisición Total de préstamos Signatura topográfica completa Código de barras Visto por última vez Precio de reemplazo Tipo de ítem Koha
        Colección digital Biblioteca del Ateneo de Madrid Biblioteca del Ateneo de Madrid Sala Pecera Planta 2 17/01/2008     F-9747 1172538 23/02/2023 23/02/2023 Libro impreso antiguo